000 00632nam a22001817a 4500
003 BD-ChCU
005 20260506133025.0
008 260506b bg ||||| |||| 00| 0 ben d
020 _a9783319264899
040 _cBD-ChCU
082 _223
_a526.1 N175s
100 _a Nanda, Niranjan C
_922531
245 _aSeismic Data Interpretation and Evaluation for Hydrocarbon Exploration and Production : A Practitioner's Guide /
_cNew york by Niranjan C. Nanda.
260 _anew york:
_bSpinger,
_c2016
300 _a223p.
650 0 _aEngineering geology. Fossil fuels
_bEngineering geology. Fossil fuels
_922532
942 _2ddc
_cBK
_n0
999 _c112743
_d112743